[Event "Baku Open 2013"]
[Site "Baku AZE"]
[Date "2013.09.26"]
[Round "8.19"]
[White "Ghaem Maghami,E"]
[Black "Izzat,Kanan"]
[Result "1-0"]
[WhiteElo "2549"]
[BlackElo "2347"]

1.c4 c6 2.Nf3 Nf6 3.d4 d5 4.Nc3 dxc4 5.a4 Bf5 6.Nh4 e6 7.Nxf5 exf5 8.e3 Bb4
9.Bxc4 O-O 10.O-O Nbd7 11.g3 a5 12.Qb3 Nb6 13.Be2 Re8 14.Rd1 Qe7 15.Na2 Nbd5
16.Nxb4 axb4 17.Bf3 h5 18.Qd3 g6 19.Bd2 Ne4 20.a5 Ra6 21.Be1 Rea8 22.Bg2 Nef6
23.Bd2 Ne4 24.Be1 Rxa5 25.Rxa5 Rxa5 26.f3 Ng5 27.e4 fxe4 28.fxe4 Nf6 29.d5 c5
30.h4 Ngxe4 31.d6 Nxd6 32.Qxd6 Qxd6 33.Rxd6 Ng4 34.Bxb7 Ra1 35.Rd8+ Kg7 36.Re8 c4
37.Kg2 c3 38.bxc3 b3 39.c4 Ra2+ 40.Kf3 b2 41.Be4 Ra3+ 42.Kf4 Re3 43.Rb8 Rxe1
44.Rxb2 f6 45.Bf3 Rc1 46.Be2 Ne5 47.Rb7+ Kh6 48.Rc7 Re1 49.Ke3 Ng4+ 50.Kd2 Rg1
51.c5 Rxg3 52.c6 Ne5 53.Rh7+ Kxh7 54.c7 Rh3 55.c8=Q Rxh4 56.Qf8 Rf4 57.Ke3 Rf5
58.Ba6 h4 59.Bc8 Rf1 60.Be6 Rf3+ 61.Ke2 Rg3 62.Qxf6 Nf3 63.Bd5  1-0

[Event "TCh-Moscow GpA 2013"]
[Site "Moscow RUS"]
[Date "2013.09.26"]
[Round "4.4"]
[White "Belous,V"]
[Black "Demidov,M"]
[Result "1-0"]
[WhiteElo "2554"]
[BlackElo "2503"]

1.c4 c6 2.Nf3 d5 3.d4 Nf6 4.e3 e6 5.b3 Nbd7 6.Bd3 b6 7.O-O Bb7 8.Bb2 Be7
9.Nc3 O-O 10.Qc2 h6 11.Rad1 Rc8 12.Qe2 Qc7 13.Ne5 Rfd8 14.f4 c5 15.f5 Nf8
16.fxe6 fxe6 17.cxd5 exd5 18.Nb5 Qb8 19.Ng4 Rc6 20.dxc5 bxc5 21.Be5 Qa8 22.Bxf6 Bxf6
23.Rxf6 Rxf6 24.Nxf6+ gxf6 25.Rf1 Rd7 26.Rxf6 Qd8 27.Rxh6 a6 28.Qg4+ Rg7
29.Qh5 Rxg2+ 30.Kxg2 axb5 31.Rh8+ Kg7 32.Qe5+ Kf7 33.Bg6+  1-0

[Event "12th Forchheim Open A 2013"]
[Site "Forchheim GER"]
[Date "2013.09.27"]
[Round "1.4"]
[White "Walter,F"]
[Black "Seyb,A"]
[Result "1/2-1/2"]
[WhiteElo "2127"]
[BlackElo "2357"]

1.c4 c6 2.Nf3 Nf6 3.g3 d5 4.Bg2 dxc4 5.O-O Nbd7 6.Qc2 Nb6 7.a4 a5 8.Na3 g6
9.Nxc4 Nxc4 10.Qxc4 Bg7 11.d3 Nd5 12.Rb1 Nb4 13.Ng5 O-O 14.Bd2 h6 15.Bxb4 axb4
16.Ne4 Rxa4 17.Nc5 Ra5 18.Qxb4 Rb5 19.Qa3 Ra5 20.Qb4 b6 21.Ne4 Be6 22.Nc3 c5
23.Qe4 c4 24.Rfd1 Qc7 25.Qb7 Qxb7 26.Bxb7 Rb8 27.Bf3 cxd3 28.Rxd3 Be5 29.Nd5 Bd6
30.Rbd1 Kf8 31.Kg2 Ra2 32.R1d2 Bf5 33.Rb3 Be5 34.Nc3 Ra5 35.Ne4 Bxe4  1/2-1/2

[Event "Grand Open Blagoevgrad 2013"]
[Site "Blagoevgrad BUL"]
[Date "2013.09.28"]
[Round "1.6"]
[White "Drenchev,P"]
[Black "Galunov,G"]
[Result "1-0"]
[WhiteElo "2488"]
[BlackElo "1863"]

1.c4 c6 2.e4 d5 3.cxd5 cxd5 4.exd5 Qxd5 5.Nc3 Qd8 6.Nf3 Nf6 7.d4 e6 8.Bd3 Be7
9.O-O O-O 10.Re1 Nc6 11.a3 a6 12.Bb1 b5 13.Bg5 Bb7 14.Qd3 g6 15.Ba2 b4 16.Na4 Nd5
17.Nc5 Bc8 18.Bh6 Re8 19.Rac1 Bf6 20.Bb3 bxa3 21.bxa3 Nb6 22.Red1 Qe7 23.Na4 Qb7
24.Qe4 Bd7 25.Nc5 Qc8 26.Nxd7 Qxd7 27.Qxc6 Qd8 28.Qc7 Rc8 29.Qxd8 Rexd8 30.Rxc8 Rxc8
31.Rc1 Rxc1+ 32.Bxc1 Kf8 33.a4 Ke7 34.a5 Nd5 35.Bxd5 exd5 36.Bg5 Bxg5 37.Nxg5 h6
38.Nf3  1-0

[Event "Grand Open Blagoevgrad 2013"]
[Site "Blagoevgrad BUL"]
[Date "2013.09.29"]
[Round "3.14"]
[White "Veleski,R"]
[Black "Kukov,A"]
[Result "1/2-1/2"]
[WhiteElo "2264"]
[BlackElo "1983"]

1.c4 c6 2.d4 d5 3.cxd5 cxd5 4.Nc3 Nc6 5.Nf3 Nf6 6.Bf4 e6 7.e3 Bd6 8.Bxd6 Qxd6
9.Bb5 Bd7 10.O-O O-O 11.a3 Rfc8 12.Na4 Na5 13.Bxd7 Nxd7 14.Nc3 Nc4 15.Qe2  1/2-1/2

[Event "23rd EYCC Open U18 2013"]
[Site "Budva MNE"]
[Date "2013.09.29"]
[Round "1.35"]
[White "Radovanovic,Nik"]
[Black "Zajic,Milun"]
[Result "1-0"]
[WhiteElo "2274"]
[BlackElo "1931"]

1.c4 c6 2.d4 d6 3.Nc3 g6 4.e4 Bg7 5.Be2 Qc7 6.Be3 Nf6 7.Qd2 O-O 8.Bh6 e5
9.d5 c5 10.h4 Ne8 11.h5 f6 12.hxg6 hxg6 13.O-O-O Bxh6 14.Rxh6 Qg7 15.Nf3 g5
16.Rdh1 Rf7 17.Nxg5 fxg5 18.Rh8+ Qxh8 19.Rxh8+ Kxh8 20.Qxg5 Bd7 21.Bh5 Rg7
22.Qd8 Rg8 23.Bf7 Rf8 24.Qe7 Rxf7 25.Qxf7  1-0

[Event "TCh-Moscow GpA 2013"]
[Site "Moscow RUS"]
[Date "2013.09.29"]
[Round "6.2"]
[White "Duzhakov,I"]
[Black "Aldokhin,I"]
[Result "0-1"]
[WhiteElo "2356"]
[BlackElo "2428"]

1.c4 c6 2.d4 d5 3.cxd5 cxd5 4.Nc3 Nf6 5.Bf4 Qb6 6.Qd2 Nc6 7.e3 Bf5 8.Bd3 Bxd3
9.Qxd3 e6 10.Nge2 Nb4 11.Qd1 Be7 12.O-O Qa6 13.Bg5 Nc6 14.a3 Nd7 15.Bxe7 Nxe7
16.b4 Nb6 17.a4 Nc4 18.Nf4 O-O 19.Nd3 Rfc8 20.Nc5 Qc6 21.Ne2 Nf5 22.Qd3 b6
23.b5 Qd6 24.Na6 Qe7 25.Rfc1 Nfd6 26.Nc3 Na5 27.Na2 Rc4 28.Rxc4 dxc4 29.Qa3 Rc8
30.Rc1 Qd8 31.N6b4 Nf5 32.Rc2 Qg5 33.Qc1 Ne7 34.Nc3 Nd5 35.Ncxd5 exd5 36.Qd1 Qf5
37.Qf3 Qxf3 38.gxf3 Rd8 39.e4 dxe4 40.fxe4 Rxd4 41.f3 Kf8 42.Nc6 Nxc6 43.bxc6 Ke7
44.Kf2 Kd6 45.Ke3 Rd3+ 46.Ke2 Kc7 47.Rxc4 Rd6 48.e5 Rxc6 49.Rf4 f6 50.Rg4 g6
51.Rh4 h5 52.exf6 Rxf6 53.Rd4 Kc6 54.Ke3 Kc5 55.Rd7 a6 56.h4 b5 57.axb5 axb5
58.f4 b4 59.Rb7 Rb6 60.Rc7+ Kd5 61.f5 gxf5 62.Kf4 b3 63.Rc1 b2 64.Rb1 Kd4
65.Kg5 Kc3 66.Kxh5 Kc2 67.Rxb2+ Kxb2 68.Kg5 Rb5  0-1

[Event "Oslo Int Open 2013"]
[Site "Oslo NOR"]
[Date "2013.09.29"]
[Round "4"]
[White "Andersen,Mad"]
[Black "Mirzoeva,E"]
[Result "1-0"]
[WhiteElo "2479"]
[BlackElo "2215"]

1.c4 c6 2.Nf3 d5 3.e3 Nf6 4.Nc3 e6 5.b3 Nbd7 6.Qc2 Bd6 7.Bb2 O-O 8.Rg1 Qe7
9.g4 Ba3 10.Bxa3 Qxa3 11.g5 Ne8 12.h4 Qd6 13.d4 e5 14.cxd5 cxd5 15.dxe5 Nxe5
16.Nd4 Bd7 17.O-O-O Rc8 18.Kb2 Qb4 19.f4 Ng4 20.Qd2 Rc5 21.Nc2 Qb6 22.Nxd5 Qd8
23.Rxg4 Bxg4 24.Nf6+ Qxf6+ 25.gxf6 Bxd1 26.Qxd1 Nxf6 27.Bg2 b6 28.e4 Rfc8
29.Ne3 g6 30.Qd4 Nh5 31.e5 Ng7 32.Bh3 Ne6 33.Bxe6 fxe6 34.Qd7 R8c6 35.Qe8+ Kg7
36.Qe7+ Kh6 37.Ng4+  1-0

[Event "Oslo Int Open 2013"]
[Site "Oslo NOR"]
[Date "2013.09.29"]
[Round "7"]
[White "Donchenko,Alexa"]
[Black "Groenn,A"]
[Result "1/2-1/2"]
[WhiteElo "2467"]
[BlackElo "2372"]

1.c4 c6 2.Nf3 Nf6 3.g3 d5 4.Bg2 g6 5.b3 Bg7 6.Bb2 O-O 7.O-O a5 8.Nc3 Na6
9.d4 Bf5 10.cxd5 cxd5 11.Ne5 Ne4 12.Nxe4 Bxe4 13.Bh3 Bf5 14.Bxf5 gxf5 15.Qd2 Nc7
16.Nd3 Nb5 17.Qf4 a4 18.Rfc1 a3 19.Bc3 Rc8 20.Bb4 Nxd4 21.Kf1 Nc2 22.Rab1 Rc6
23.Bc5 e5 24.Qxf5 Qc8 25.Qxc8 Rfxc8 26.Rxc2 e4 27.Rd2 Bc3 28.Rc2 Bf6 29.Rd2 Bc3
30.Rc2 Bf6  1/2-1/2

[Event "Vasteras Open 2013"]
[Site "Vasteras SWE"]
[Date "2013.09.29"]
[Round "7.4"]
[White "Akesson,R"]
[Black "Pohjala,H"]
[Result "0-1"]
[WhiteElo "2465"]
[BlackElo "2346"]

1.c4 c6 2.d4 d5 3.Nc3 Nf6 4.e3 a6 5.Qc2 e6 6.Nf3 Nbd7 7.b3 b6 8.Be2 Bb7 9.O-O Be7
10.Bb2 O-O 11.Rad1 Qc7 12.e4 dxe4 13.Nxe4 c5 14.Nxf6+ Bxf6 15.dxc5 bxc5 16.Rd2 Rad8
17.Rfd1 Bxf3 18.Bxf3 Ne5 19.Be4 Rxd2 20.Rxd2 Ng4 21.g3 Bxb2 22.Qxb2 f5 23.Bf3 Nf6
24.Re2 Re8 25.Qe5 Qxe5 26.Rxe5 Nd7 27.Re2 Kf7 28.Bc6 Rd8 29.f4 Ke7 30.Bd5 Nf8
31.Kf2 a5 32.Ke1 Kd6 33.Bf3 Nd7 34.Rd2+ Kc7 35.Be2 g6 36.Rd3 Nf6 37.Rxd8 Kxd8
38.Kd2 Kc7 39.a3 Kd6 40.Bf3 e5 41.fxe5+ Kxe5 42.Ke3 h6 43.h4 g5 44.hxg5 hxg5
45.Bb7 g4 46.Bc6 Nh5 47.Kf2 f4 48.gxf4+ Kxf4 49.Ke2 Ke5 50.Ke3 Nf4 51.Ba4 g3
52.b4 axb4 53.axb4 cxb4 54.c5 g2 55.Kf2 Nd3+ 56.Kxg2 Nxc5 57.Bd1 Kd4 58.Kf2 Kc3
59.Ke3 Nd3 60.Bh5 b3 61.Bg6 Ne5 62.Bh7 Nc6 63.Ke2 Nb4 64.Kd1 Nd3 65.Ke2 Nf4+
66.Kd1 b2 67.Bb1 Nd5 68.Ke2 Nb6 69.Kd1 Nc4 70.Ke2 Na3 71.Ba2 Kc2 72.Ke3 Nb1
73.Bf7 Kc1 74.Kd4 Na3 75.Ba2 Kd2 76.Kc5 Kc3 77.Kd5 Nc2 78.Bb1 Nb4+ 79.Kc5 Kb3
80.Kb5 Nc2 81.Kc5 Na3  0-1

[Event "Oslo Int Open 2013"]
[Site "Oslo NOR"]
[Date "2013.09.30"]
[Round "2"]
[White "Gronnestad,A"]
[Black "Vaarala,E"]
[Result "0-1"]
[WhiteElo "1995"]
[BlackElo "2289"]

1.c4 c6 2.Nf3 d5 3.Qc2 e6 4.d4 f5 5.Bf4 Nf6 6.e3 Be7 7.Nc3 O-O 8.Be2 Ne4
9.O-O Nd7 10.Nxe4 fxe4 11.Nd2 Bg5 12.Bg4 Re8 13.Bg3 Bh4 14.Bf4 Bg5 15.Bg3 Nf6
16.Be2 Bd7 17.b4 Qe7 18.Qb3 Qf7 19.Qd1 Qg6 20.Be5 Qh6 21.Nb3 Bc8 22.Na5 Nd7
23.Bg3 Bd8 24.Nb3 Nb6 25.c5 Nd7 26.b5 e5 27.bxc6 bxc6 28.dxe5 Bc7 29.Bf4 g5
30.Bh5 gxf4 31.Qg4+ Kh8 32.Bxe8 Nxe5 33.Qh5 Qg7 34.exf4 Bg4 35.Qg5 Qxg5 36.fxg5 Rxe8
37.Nd4 Bd7 38.f4 Nd3 39.f5 Be5 40.Ne2 Bxa1  0-1

[Event "Grand Open Blagoevgrad 2013"]
[Site "Blagoevgrad BUL"]
[Date "2013.10.01"]
[Round "6.12"]
[White "Banov,B"]
[Black "Ninov,D"]
[Result "0-1"]
[WhiteElo "2189"]
[BlackElo "2140"]

1.c4 c6 2.Nf3 Nf6 3.g3 d5 4.Bg2 g6 5.O-O Bg7 6.Qc2 O-O 7.d3 Nbd7 8.Nc3 e5
9.cxd5 Nxd5 10.Nxd5 cxd5 11.Bg5 f6 12.Bd2 Nb6 13.Rfc1 Be6 14.Qc7 Qd7 15.Qxd7 Bxd7
16.d4 e4 17.Ne1 Rfc8 18.Rxc8+ Rxc8 19.Rc1 Nc4 20.Bc3 f5 21.e3 Bf8 22.Bf1 Kf7
23.Bxc4 Rxc4 24.b3 Rc8 25.Bb2 Rxc1 26.Bxc1 Bb5 27.f4 Ke6 28.Kf2 Bb4 29.a4 Bd3
30.Bb2 Kd6 31.h3 Kc6 32.g4 Kb6 33.g5 Ka5 34.h4 Bxe1+ 35.Kxe1 Kb4 36.a5 Kxb3
37.Bc1 Kc2 38.Ba3 b6 39.axb6 axb6 40.Bb4 Bc4 41.Kf2 Kd3 42.Be1 Bb3 43.Bb4 Bd1
44.Be1 Bf3 45.Bb4 Kc4 46.Bd2 b5 47.Ba5 b4 48.Ke1 Kc3 49.Kf2 Kc4 50.Ke1 Kd3
51.Bxb4 Kxe3 52.Bd6 Kxd4 53.Kf2 Kd3 54.Bc7 Bg4 55.Bb6 d4 56.Bc5 e3+ 57.Kg3 Ke4  0-1

[Event "23rd EYCC Open U18 2013"]
[Site "Budva MNE"]
[Date "2013.10.01"]
[Round "3.8"]
[White "Grigoryan,K2"]
[Black "Korchmar,V"]
[Result "1-0"]
[WhiteElo "2563"]
[BlackElo "2323"]

1.c4 c6 2.g3 Nf6 3.Bg2 d5 4.Nf3 g6 5.b3 Bg7 6.Bb2 O-O 7.O-O a5 8.d3 Nbd7
9.Qc2 b6 10.e4 dxe4 11.dxe4 Qc7 12.e5 Ng4 13.e6 Nde5 14.exf7+ Rxf7 15.Nd4 Bh6
16.Nc3 Nxf2 17.Qxf2 Ng4 18.Nd5 Qd6 19.Qf3 Bd7 20.Nxc6  1-0

[Event "23rd EYCC Open U18 2013"]
[Site "Budva MNE"]
[Date "2013.10.02"]
[Round "4.36"]
[White "Liu,Dennis"]
[Black "Karlsson,MiJ"]
[Result "0-1"]
[WhiteElo "1985"]
[BlackElo "2068"]

1.c4 c6 2.g3 d5 3.Bg2 e5 4.d4 dxc4 5.dxe5 Qxd1+ 6.Kxd1 Be6 7.Be3 Nd7 8.f4 O-O-O
9.Nd2 Ne7 10.Bf2 Nd5 11.e4 Bg4+ 12.Ngf3 Nb4 13.Ke2 b5 14.h3 Bxf3+ 15.Bxf3 Bc5
16.Bxc5 Nxc5 17.Bg4+ Kc7 18.a4 Nc2 19.Rac1 Nd4+ 20.Ke3 Ndb3 21.Nxb3 Rd3+
22.Ke2 Rxb3 23.Rc2 Rd8 24.axb5 cxb5 25.Rd1 Rxd1 26.Kxd1 Nxe4 27.Bf5 Nxg3
28.Bxh7 Nh5 29.Bg8 Rd3+ 30.Kc1 Nxf4 31.Bxf7 Nxh3 32.Rg2 g5 33.Bg6 Re3 34.Bf5 Nf4
35.Rxg5 Rxe5 36.Rg7+ Kb6 37.Bc2 Re1+ 38.Kd2 Re2+ 39.Kd1 Rh2 40.Rf7 Nd5 41.Be4 Nb4
42.Kc1 a6 43.Rf5 Re2 44.Rf4 c3 45.Rf6+ Ka5 46.bxc3 Na2+ 47.Kd1 Nxc3+ 48.Kc1 Nxe4
49.Rc6 b4 50.Kb1 Kb5 51.Rc8 b3 52.Rc7 Kb4 53.Rc6 Nc3+ 54.Kc1 b2+  0-1

[Event "Reykjavik CC GM 2013"]
[Site "Reykjavik ISL"]
[Date "2013.10.02"]
[Round "2.3"]
[White "Gunnarsson,Arn"]
[Black "Kjartansson,G"]
[Result "0-1"]
[WhiteElo "2441"]
[BlackElo "2447"]

1.c4 c6 2.b3 d5 3.Bb2 Bf5 4.Nf3 e6 5.g3 Nf6 6.Bg2 Be7 7.O-O O-O 8.d3 h6 9.Nbd2 a5
10.a3 Bh7 11.Qc2 Na6 12.Rfd1 Qb6 13.Qc3 Rfd8 14.Rac1 Bf8 15.d4 Nb8 16.Ne5 Nbd7
17.Nxd7 Rxd7 18.e3 Bb4 19.axb4 axb4 20.Qc2 Bxc2 21.Rxc2 Rdd8 22.e4 Ra2 23.exd5 cxd5
24.c5 Qc6 25.Rdc1 Ne4 26.Nxe4  0-1

[Event "Kolomenskaya versta IM 2013"]
[Site "Kolomna RUS"]
[Date "2013.10.03"]
[Round "7"]
[White "Aroven,M"]
[Black "Chumachenko,Alexander"]
[Result "0-1"]
[WhiteElo "2101"]
[BlackElo "2109"]

1.c4 c6 2.e4 d5 3.exd5 cxd5 4.d4 Nf6 5.Nc3 e6 6.Nf3 Be7 7.Bd3 dxc4 8.Bxc4 O-O
9.O-O Nbd7 10.Bd3 b6 11.Bg5 Bb7 12.Ne5 Rc8 13.Rc1 g6 14.h4 a6 15.a4 Nxe5
16.dxe5 Nd5 17.Ne4 Rxc1 18.Qxc1 f6 19.Bh6 Re8 20.Bc4 fxe5 21.Ng5 Bc5 22.Qd1 Qf6
23.Qb3 Bf8 24.Bxf8 Rxf8 25.Qd3 h6 26.Ne4 Qf5 27.Nd6 Qxd3 28.Bxd3 Nf4 29.Bxg6 Bxg2
30.Re1 Bd5 31.Bc2 Kg7 32.a5 bxa5 33.Ra1 Kf6 34.Rxa5 Rg8+ 35.Kf1 Ke7 36.Ke1 Kxd6
37.Rxa6+ Kc5 38.Ba4 Rb8 39.Ra5+ Kd6 40.Bb5 Bc6  0-1

[Event "TCh-AUT 2nd Mitte 2013-14"]
[Site "Fuerstenfeld AUT"]
[Date "2013.10.04"]
[Round "1.6"]
[White "Testor,S"]
[Black "Kubinger,T"]
[Result "1-0"]
[WhiteElo "2262"]
[BlackElo "2157"]

1.c4 c6 2.Nf3 d5 3.e3 Nf6 4.Qc2 Nbd7 5.d4 e6 6.Nbd2 Bd6 7.Bd3 O-O 8.O-O Re8
9.b3 Qe7 10.e4 dxe4 11.Nxe4 Nxe4 12.Bxe4 Nf8 13.c5 Bc7 14.Bg5 f6 15.Bh4 Qf7
16.Bg3 e5 17.dxe5 f5 18.Bd3 h6 19.e6 Bxe6 20.Bxc7 Qxc7 21.Bxf5 Bd5 22.Nd4 Re5
23.Rae1 Rae8 24.Qd2 Qe7 25.Rxe5 Qxe5 26.Bc2 Nd7 27.Qc3 Qg5 28.f3 Re3 29.Qd2 Qe5
30.Kf2  1-0

[Event "TCh-CRO II Liga 2013"]
[Site "Primosten CRO"]
[Date "2013.10.05"]
[Round "5.4"]
[White "Stipic,M"]
[Black "Kacunko,J"]
[Result "1/2-1/2"]
[WhiteElo "2207"]
[BlackElo "1933"]

1.c4 c6 2.Nf3 Nf6 3.d4 d5 4.Nbd2 e6 5.g3 Bb4 6.Qb3 Bxd2+ 7.Bxd2 O-O 8.Bg2 Re8
9.O-O Nbd7 10.Bf4 b6 11.Ne5 Nxe5 12.dxe5 Nd7 13.Qe3 Nf8 14.g4 Bb7 15.Rad1 Qe7
16.Bg3 Qc5 17.Qxc5 bxc5 18.f4 Rad8 19.Bf2 Nd7 20.Bg3 Ba6 21.b3 Bb7 22.Rd2 a5
23.cxd5 cxd5 24.Rc1 Rc8 25.Rdc2 Rc7 26.Be1 Ra8  1/2-1/2

[Event "Chigorin Memorial"]
[Site "St Petersburg RUS"]
[Date "2013.10.05"]
[Round "1.6"]
[White "Matlakov,M"]
[Black "Tugarin,A"]
[Result "1-0"]
[WhiteElo "2682"]
[BlackElo "2188"]

1.c4 c6 2.Nf3 d5 3.e3 Nf6 4.Nc3 a6 5.Qc2 g6 6.d4 Bg7 7.Bd3 O-O 8.O-O b5 9.b3 Bg4
10.Ne5 Be6 11.Bb2 Nfd7 12.Nxd7 Nxd7 13.cxd5 cxd5 14.a4 b4 15.Ne2 Rc8 16.Qd2 Qa5
17.Nf4 Bf5 18.Bxf5 gxf5 19.Ba3 Rb8 20.Nd3 Rfc8 21.Bxb4 Qb6 22.Bxe7 Qxb3 23.Nf4 Bf6
24.Bxf6 Nxf6 25.h3 Rc2 26.Qd1 Qc4 27.Qf3 Ne4 28.Nh5 Qc8 29.Ng3 Nd2 30.Qf4 Nxf1
31.Nxf5 Qc7 32.Qg5+ Kf8 33.Rxf1 Rd8 34.Qf6 Ke8 35.Ng7+ Kd7 36.Qxf7+ Kc8 37.Qf5+ Rd7
38.Ne6 Qc6 39.Qf8+ Kb7 40.Rb1+  1-0

[Event "FSGM October 2013"]
[Site "Budapest HUN"]
[Date "2013.10.07"]
[Round "3.2"]
[White "Gordon,S"]
[Black "Kojima,S"]
[Result "1-0"]
[WhiteElo "2526"]
[BlackElo "2344"]

1.c4 c6 2.Nf3 d5 3.e3 Nf6 4.Nc3 g6 5.d4 Bg7 6.Be2 O-O 7.O-O a6 8.Qb3 e6 9.Bd2 Nbd7
10.Rac1 Re8 11.Rfd1 Qe7 12.Ne5 Nxe5 13.dxe5 Nd7 14.f4 f6 15.cxd5 exd5 16.Nxd5 cxd5
17.Bb4 Qf7 18.Bf3 Nf8 19.Bd6 fxe5 20.Rc7 Qf5 21.Bxd5+ Kh8 22.e4 Qxf4 23.Rf1 Qh6
24.Rxg7 Qxg7 25.Rf7 Qh6 26.Rxf8+ Qxf8 27.Bxf8 Rxf8 28.Qc3 Re8 29.Qf3  1-0

[Event "23rd EYCC Open U18 2013"]
[Site "Budva MNE"]
[Date "2013.10.07"]
[Round "8.6"]
[White "Drozdowski,K"]
[Black "Mikaelyan,A"]
[Result "1-0"]
[WhiteElo "2449"]
[BlackElo "2257"]

1.c4 c6 2.e4 d5 3.cxd5 cxd5 4.exd5 Nf6 5.Qa4+ Nbd7 6.Nc3 g6 7.Nf3 Bg7 8.Bc4 O-O
9.d3 a6 10.Qa3 Nb6 11.Qb3 Bg4 12.Ne5 Bf5 13.O-O Nfd7 14.Nxd7 Nxd7 15.a4 Nc5
16.Qd1 Rc8 17.Bg5 h6 18.Be3 Qd6 19.a5 g5 20.Rc1 Qg6 21.d4 Nd3 22.Bxd3 Bxd3
23.Re1 Rfd8 24.Qb3 Rc7 25.Na4 Rxc1 26.Rxc1 Bb5 27.Nb6 Qd6 28.Qc2 Qb4 29.Qc7 Re8
30.Qc3 Qd6 31.Qc5 Qg6 32.Qc2 Qd6 33.h3 Rd8 34.Qc7 f5 35.Qxb7 f4 36.Nc8 Qb4
37.Nxe7+ Kh7 38.Nc6 Qf8 39.Nxd8 fxe3 40.fxe3 Qxd8 41.Rc7 Qf6 42.d6 g4 43.Qe4+ Qg6
44.Qxg4 Qxg4 45.hxg4 Kg6 46.Rb7 Ba4 47.Rb6 Kf7 48.Rxa6 Bf6 49.Rb6 Bd8 50.Rb7+ Ke6
51.a6 Bc6 52.Rb8  1-0

[Event "Pankrac Cup 2013"]
[Site "Prague CZE"]
[Date "2013.10.08"]
[Round "5"]
[White "Hausner,I"]
[Black "Neuman,P"]
[Result "1/2-1/2"]
[WhiteElo "2379"]
[BlackElo "2499"]

1.c4 c6 2.Nf3 d5 3.e3 Nf6 4.Nc3 a6 5.d4 b5 6.c5 g6 7.Ne5 Bg7 8.Be2 O-O 9.O-O Nfd7
10.f4 Nxe5 11.fxe5 Be6 12.Bd2 Nd7 13.Bg4 Bxg4 14.Qxg4 e6 15.a4 b4 16.Ne2 Qe7
17.Bxb4 f6 18.exf6 Nxf6 19.Qh4 e5 20.Rae1 Qb7  1/2-1/2

[Event "TCh-ISL Div1 2013-14"]
[Site "Reykjavik ISL"]
[Date "2013.10.10"]
[Round "1.5"]
[White "Olafsson,H1"]
[Black "Halldorsson,J"]
[Result "1-0"]
[WhiteElo "2544"]
[BlackElo "2193"]

1.c4 c6 2.d4 d5 3.Nf3 Nf6 4.e3 g6 5.Be2 Bg7 6.O-O O-O 7.Nc3 Bg4 8.b3 Nbd7
9.Bb2 e6 10.Rc1 Qe7 11.h3 Bxf3 12.Bxf3 Rfd8 13.Qe2 dxc4 14.bxc4 e5 15.Qc2 Re8
16.Rfd1 e4 17.Be2 Rec8 18.Qb3 b6 19.Ba3 c5 20.Nd5 Qe6 21.Rc2 Bf8 22.Bb2 Bg7
23.Rcd2 Ne8 24.Qa3 Bf8 25.Qa4 f5 26.Qb3 Bg7 27.g4 Nd6 28.Nf4 Qe7 29.Qa3 Ne8
30.gxf5 gxf5 31.Kh2 Kf8 32.Rg1 Bh6 33.Qc3  1-0

[Event "Chigorin Memorial"]
[Site "St Petersburg RUS"]
[Date "2013.10.10"]
[Round "6.29"]
[White "Popilski,G"]
[Black "Rozhko,D"]
[Result "1/2-1/2"]
[WhiteElo "2486"]
[BlackElo "2339"]

1.c4 c6 2.d4 d5 3.e3 Nf6 4.Bd3 g6 5.Nf3 Bg7 6.h3 O-O 7.Nc3 dxc4 8.Bxc4 b5
9.Bd3 a5 10.O-O Ba6 11.e4 b4 12.Na4 Nfd7 13.Qe2 Bxd3 14.Qxd3 Na6 15.Qc4 Qc7
16.Be3 c5 17.dxc5 Qc6 18.Qc2 Nf6 19.Ne5 Qe6 20.f4 Nh5 21.Qb3 Nxf4 22.Qxe6 Nxe6
23.Nd7 Rfe8 24.Rfd1 Nb8 25.Nxb8 Raxb8 26.Rd7 b3 27.a3 Bf6 28.c6 Be5 29.Rd5 f6
30.Rxa5 Ra8 31.Rxa8 Rxa8 32.Nb6 Ra6 33.Nd5 Bxb2 34.Rb1 Bxa3 35.Rxb3 Bd6 36.Bb6 Ra1+
37.Kf2 Rc1 38.Rc3 Rxc3 39.Nxc3 Kf7 40.Nb5 Ke8 41.Nxd6+ exd6 42.Ke3 f5 43.g3 Ke7
44.h4 h5 45.Kd3 f4 46.gxf4 Nxf4+ 47.Kc4 Ne6 48.Kb5 g5 49.hxg5 Nxg5 50.Ka6 Ne6
51.Bf2 d5 52.exd5 Nc7+ 53.Kb6 Nxd5+ 54.Kc5 Nc7 55.Bh4+ Ke6 56.Bg3 Nd5 57.Bh4 Ke5  1/2-1/2

[Event "Chigorin Memorial"]
[Site "St Petersburg RUS"]
[Date "2013.10.10"]
[Round "6.19"]
[White "David,Alb"]
[Black "Nezad,H"]
[Result "1/2-1/2"]
[WhiteElo "2574"]
[BlackElo "2388"]

1.c4 c6 2.Nf3 d5 3.g3 Bg4 4.Bg2 e6 5.cxd5 Bxf3 6.Bxf3 cxd5 7.O-O Nc6 8.d3 Nf6
9.Nc3 Be7 10.e4 dxe4 11.dxe4 O-O 12.Be3 Qa5 13.a3 Rfd8 14.Qe1 Ne5 15.Be2 Neg4
16.Bf4 Qh5 17.h4 Qg6 18.Rd1 Nh5 19.Bc7 Rdc8 20.Rd7 Bc5 21.Bxg4 Qxg4 22.Qd1 Qg6
23.Qf3 Nf6 24.Rfd1 Nxd7 25.Rxd7 Qf6 26.Kg2 a6 27.Bf4 e5 28.Nd5 Qe6 29.Bxe5 Qxe5
30.b4 Qe6 31.Rxb7 Ra7 32.Ne7+ Kh8 33.Rxa7 Bxe7 34.Qe2 f5 35.Rxa6 Qxe4+ 36.Qxe4 fxe4
37.Re6 Bf8 38.Rxe4 Rc3 39.a4 Rb3 40.b5 Kg8 41.Re5 Bd6 42.Rd5 Bc7 43.Rd7 Ba5
44.Ra7 Bc3 45.Rc7 Ba5 46.Ra7 Bc3 47.Rc7 Ba5  1/2-1/2

[Event "7th Univ Cent Open 2013"]
[Site "Bogota COL"]
[Date "2013.10.11"]
[Round "4.21"]
[White "Hernandez,Ja"]
[Black "Camargo,S"]
[Result "1-0"]
[WhiteElo "2290"]
[BlackElo "2011"]

1.c4 c6 2.Nf3 Nf6 3.g3 e6 4.Bg2 d5 5.b3 Nbd7 6.O-O Bd6 7.Bb2 e5 8.d3 O-O
9.Nbd2 b5 10.Nh4 Rb8 11.Rc1 Re8 12.Rc2 Nf8 13.cxd5 cxd5 14.e4 Be6 15.Nf5 Ng6
16.Qe2 d4 17.Nf3 Bxf5 18.exf5 Ne7 19.Nh4 Ned5 20.Bc1 Nc3 21.Qf3 Nfd5 22.Bd2 Be7
23.f6 Bxf6 24.Nf5 Nb4 25.Rb2 Bg5 26.Qg4 Bf6 27.Qf3 Rb6 28.a3 Nbd5 29.h4 Kf8
30.Qg4 Ra6 31.Rc2 g6 32.Bh6+ Kg8  1-0

[Event "7th Univ Cent Open 2013"]
[Site "Bogota COL"]
[Date "2013.10.11"]
[Round "4.5"]
[White "Lozano,N"]
[Black "Ruiz Sanchez,O"]
[Result "1/2-1/2"]
[WhiteElo "2168"]
[BlackElo "2420"]

1.c4 c6 2.g3 d5 3.Nf3 Nf6 4.Bg2 dxc4 5.O-O Nbd7 6.Qc2 Nb6 7.a4 a5 8.Na3 Be6
9.Ne5 Qd4 10.Nxc6 bxc6 11.Bxc6+ Nfd7 12.Bxa8 Nxa8 13.d3 Bh3 14.Rd1 Qd5 15.f3 e5
16.Qxc4 Bc5+ 17.Kh1 Qb7 18.Nb5 O-O 19.Qe4 Qb6 20.Bd2 Nf6 21.Qh4 Bd7 22.b4 axb4
23.Bxb4 Bxb5 24.axb5 Qxb5 25.Rdb1 Bxb4 26.Qxb4 Qxb4 27.Rxb4 Nc7 28.Ra7 Nfe8
29.Rbb7 f6  1/2-1/2

[Event "Chigorin Memorial"]
[Site "St Petersburg RUS"]
[Date "2013.10.11"]
[Round "7.62"]
[White "Smirnov,Arte"]
[Black "Tugarin,A"]
[Result "1/2-1/2"]
[WhiteElo "2434"]
[BlackElo "2188"]

1.c4 c6 2.Nf3 d5 3.e3 Nf6 4.Nc3 a6 5.Qc2 g6 6.b3 Bg7 7.Bb2 O-O 8.Be2 Bg4
9.O-O Nbd7 10.h3 Bxf3 11.Bxf3 Nb6 12.d3 e5 13.g3 Re8 14.Bg2 Bf8 15.Rad1 a5
16.a4 Rc8 17.Ne2 Nbd7 18.Bc3 Qb6 19.g4 h6 20.Rb1 Bb4 21.Ba1 Nb8 22.Bb2 Na6
23.Ng3 Bc5 24.Qe2 d4 25.Bc1 Bf8 26.h4 Qd8 27.h5 Nc5 28.hxg6 fxg6 29.Bd2 Bg7
30.b4 axb4 31.Bxb4 Nxa4 32.Ne4 Nxe4 33.Bxe4 Qg5 34.Bd2 Qf6 35.Rxb7 Nc5 36.Ra7 Nxe4
37.dxe4 Rcd8 38.f3 d3 39.Qg2 Bf8 40.Rb1 Qe6 41.g5 h5 42.Rbb7 Ra8 43.Qf1 Rxa7
44.Rxa7 Qxc4 45.Qb1 Qc2 46.Qxc2 dxc2 47.Ra2 Re6 48.Rxc2 Be7 49.f4 exf4 50.exf4 Rxe4
51.Rxc6 Kf7 52.Kf2 Rd4 53.Be3 Rd6 54.Rc7 Ke6 55.Kf3 Rd7 56.Rc8 Rd8 57.Rc6+ Rd6
58.Rc4 Rd5 59.Ke4 Rd1 60.Rc6+ Rd6 61.Rc5 Rd1 62.f5+ Kf7 63.Re5 gxf5+ 64.Rxf5+ Kg8
65.Rb5 Re1 66.Kf3 Rd1 67.Rb7 Bf8 68.Bf4 Bd6 69.Bxd6 Rxd6 70.Kf4 Ra6 71.Kf5 Ra8
72.Kg6 h4 73.Rg7+ Kh8 74.Rh7+ Kg8 75.Rxh4 Rb8 76.Ra4 Rb6+ 77.Kf5 Rb5+ 78.Kg4 Rb8
79.Ra7 Rc8 80.Kf5 Rb8 81.Kg6 Rb6+ 82.Kh5 Rc6 83.g6 Rc1  1/2-1/2

[Event "Chinese Teams 2013"]
[Site "Qingdao CHN"]
[Date "2013.10.12"]
[Round "13.3"]
[White "Zhou Jianchao"]
[Black "Lin Chen"]
[Result "1/2-1/2"]
[WhiteElo "2584"]
[BlackElo "2466"]

1.c4 c6 2.d4 d5 3.Nc3 Nf6 4.e3 a6 5.Nf3 b5 6.c5 g6 7.Ne5 Nfd7 8.Nd3 a5 9.f4 Bg7
10.Be2 O-O 11.a3 f5 12.Bd2 Nf6 13.Ne5 Be6 14.Qb3 Qc8 15.h4 Nbd7 16.h5 Nxe5
17.fxe5 Nxh5 18.Bxh5 gxh5 19.Ne2 f4 20.Nxf4 Bg4 21.e4 a4 22.Qg3 dxe4 23.Nxh5 Rf7
24.Nf4 Qf5 25.O-O Raf8 26.Be3 h5 27.Rf2 Bh6 28.Raf1 Bxf4 29.Rxf4 Qg6 30.Kh2 Rxf4
31.Rxf4 Rxf4 32.Qxf4 Be6 33.Qg5  1/2-1/2

[Event "Chinese Teams 2013"]
[Site "Qingdao CHN"]
[Date "2013.10.12"]
[Round "13.3"]
[White "Ni Hua"]
[Black "Yu Ruiyuan"]
[Result "1-0"]
[WhiteElo "2671"]
[BlackElo "2554"]

1.c4 c6 2.d4 d5 3.cxd5 cxd5 4.Bf4 Nf6 5.Nc3 Nc6 6.e3 Bf5 7.Qb3 Qb6 8.Qxb6 axb6
9.Bb5 e6 10.Nge2 Bb4 11.f3 Ke7 12.Kf2 Rhc8 13.a3 Bxc3 14.Nxc3 Na5 15.g4 Bc2
16.Rac1 Bb3 17.Be2 Nc4 18.Bxc4 Bxc4 19.Bg5 h6 20.Bxf6+ Kxf6 21.e4 Rc6 22.Ke3 b5
23.Nb1 b4 24.axb4 Rb6 25.e5+ Ke7 26.Nd2 Rxb4 27.b3 Bxb3 28.Rc7+ Kf8 29.Rb1 Ra3
30.Kf2 Rb5 31.Nxb3 Rbxb3 32.Rc8+ Ke7 33.Rbc1  1-0

[Event "Chigorin Memorial"]
[Site "St Petersburg RUS"]
[Date "2013.10.12"]
[Round "8.22"]
[White "Volkov,Sergey1"]
[Black "Nezad,H"]
[Result "1-0"]
[WhiteElo "2628"]
[BlackElo "2388"]

1.c4 c6 2.Nf3 d5 3.e3 Nf6 4.Nc3 e6 5.b3 Bd6 6.d4 Ne4 7.Nxe4 dxe4 8.Nd2 f5
9.c5 Bc7 10.Qh5+ g6 11.Qh6 Nd7 12.Bb2 Nf6 13.Be2 Qe7 14.f3 exf3 15.gxf3 Bd7
16.O-O-O O-O-O 17.Nc4 Nd5 18.h4 Rhg8 19.Kb1 g5 20.hxg5 Qxg5 21.Qxg5 Rxg5
22.Rxh7 Rg2 23.Bd3 Rdg8 24.e4 fxe4 25.fxe4 Nf6 26.Rf7 Ng4 27.Rdf1 Be8 28.Re7 Nf2
29.Bc2 Bh5 30.Nd6+ Bxd6 31.cxd6 Be2 32.Rc1 Nd3 33.Bxd3 Bxd3+ 34.Ka1 Bxe4
35.d5 Bxd5 36.Bf6 Rf2 37.Bd4 Rd2 38.Be3 Re2 39.Bxa7 Rd8 40.Rc7+  1-0